Loading...
| Philosophy | 0 | 8 | 0 | 1 | 80 | 73 | 95.63 | 0 | 3 | 0.00 | 0.00 |
| Social Science | 0 | 8 | 1 | 0 | 75 | 61 | 93.00 | 2 | 4 | 0.00 | 0.00 |
| Science - Chemistry | 0 | 7 | 0 | 0 | 70 | 76 | 101.14 | 1 | 3 | 0.00 | 0.00 |
| Literature - American | 0 | 6 | 1 | 0 | 55 | 78 | 116.00 | 0 | 1 | 0.00 | 0.00 |
| History - European | 0 | 5 | 0 | 1 | 50 | 47 | 90.20 | 0 | 2 | 0.00 | 0.00 |
| Science - Other | 0 | 5 | 0 | 0 | 50 | 30 | 65.20 | 2 | 3 | 0.00 | 0.00 |
| Fine Arts - Other | 0 | 5 | 1 | 2 | 45 | 102 | 122.40 | 0 | 1 | 0.00 | 0.00 |
| Science - Physics | 0 | 5 | 1 | 0 | 45 | 40 | 97.20 | 1 | 2 | 0.00 | 0.00 |
| Literature - World | 0 | 4 | 0 | 1 | 40 | 136 | 142.00 | 0 | 0 | 0.00 | 0.00 |
| Literature - British | 0 | 5 | 2 | 1 | 40 | 72 | 108.00 | 0 | 4 | 0.00 | 0.00 |
| Literature - European | 0 | 4 | 0 | 0 | 40 | 104 | 132.75 | 0 | 0 | 0.00 | 0.00 |
| Mythology | 0 | 4 | 0 | 0 | 40 | 57 | 97.75 | 2 | 2 | 0.00 | 0.00 |
| Other | 0 | 4 | 0 | 1 | 40 | 44 | 81.25 | 0 | 2 | 0.00 | 0.00 |
| Religion | 0 | 4 | 1 | 1 | 35 | 68 | 102.00 | 0 | 1 | 0.00 | 0.00 |
| Fine Arts - Painting & Sculpture | 0 | 3 | 0 | 0 | 30 | 116 | 122.67 | 0 | 0 | 0.00 | 0.00 |
| Science - Biology | 0 | 4 | 2 | 0 | 30 | 69 | 81.25 | 1 | 4 | 0.00 | 0.00 |
| Fine Arts - Classical Music | 0 | 4 | 2 | 0 | 30 | 40 | 83.50 | 1 | 3 | 0.00 | 0.00 |
| History - Other | 0 | 3 | 0 | 1 | 30 | 64 | 105.67 | 0 | 2 | 0.00 | 0.00 |
| History - American | 0 | 4 | 2 | 1 | 30 | 108 | 123.25 | 0 | 1 | 0.00 | 0.00 |
| History - World | 0 | 2 | 0 | 2 | 20 | 133 | 134.00 | 0 | 0 | 0.00 | 0.00 |